| 000 | nam a22 7a 4500 | ||
|---|---|---|---|
| 999 |
_c29138 _d29138 |
||
| 008 | 171109b xxu||||| |||| 00| 0 eng d | ||
| 020 | _a978113894337 | ||
| 050 | _aPE 1375 .B87 2016 | ||
| 100 | _aBurton-Roberts,Noel. | ||
| 245 |
_aAnalysing sentences: _ban introduction to English syntax/ _cNoel Burton-Roberts. |
||
| 250 | _a4th ed | ||
| 260 |
_aLondon: _bRoutledge, _c2016. |
||
| 300 |
_axv,278p.: _c23.4cm. |
||
| 504 | _aincludes indexes. | ||
| 650 | _acomputer file-english. | ||
| 942 |
_2lcc _cSH_L_BOOKS _hPE 1375 .B87 2016 _01 |
||